Central Library OPAC University of Rajshahi

The Gospel of Barnabas / (Record no. 46392)

MARC details
000 -LEADER
fixed length control field 00796nam a2200241 a 4500
001 - CONTROL NUMBER
control field 46392
003 - CONTROL NUMBER IDENTIFIER
rucl marc code BD-RjUL
005 - DATE AND TIME OF LATEST TRANSACTION
control field 20211209054139.0
008 - FIXED-LENGTH DATA ELEMENTS--GENERAL INFORMATION
fixed length control field 160802s1907 enkh 000 0 eng d
035 ## - SYSTEM CONTROL NUMBER
System control number (BD-RjUL)46510
040 ## - CATALOGING SOURCE
Original cataloging agency ACL
Transcribing agency ACL
Modifying agency OCLCQ
-- VYN
-- BD-RjUL
Language of cataloging eng
041 1# - LANGUAGE CODE
Language code of text/sound track or separate title eng
Language code of original ita
082 ## - DEWEY DECIMAL CLASSIFICATION NUMBER
Edition number 23
Classification number 229.8
Author mark and year GOS 1907
245 04 - TITLE STATEMENT
Title The Gospel of Barnabas /
Statement of responsibility, etc. edited and translated from the Italian ms. in the Imperial Library at Vienna, by Lonsdale and Laura Ragg.
260 ## - PUBLICATION, DISTRIBUTION, ETC. (IMPRINT)
Place of publication, distribution, etc. Oxford :
Name of publisher, distributor, etc. Clarendon Press,
Date of publication, distribution, etc. 1907.
300 ## - PHYSICAL DESCRIPTION
Pagination 297 p. ;
Size 23 cm.
650 ## - SUBJECT ADDED ENTRY--TOPICAL TERM
Topical term or geographic name as entry element Gospel of Barnabas.
9 (RLIN) 141647
Topical term or geographic name as entry element Christianity and other religions
General subdivision Islam.
9 (RLIN) 141648
Topical term or geographic name as entry element Islam
General subdivision Christianity.
9 (RLIN) 141649
700 1# - ADDED ENTRY--PERSONAL NAME
Personal name Lonsdale
Personal name Ragg, Laura
942 ## - ADDED ENTRY ELEMENTS (KOHA)
Source of classification or shelving scheme Dewey Decimal Classification
Koha item type Books
Holdings
Lost status Source of classification or shelving scheme Damaged status Not for loan Collection code Permanent Location Current Location Shelving location Date acquired Source of acquisition Total Checkouts Full call number Date last seen Copy number Koha item type
  Dewey Decimal Classification   Not For Loan Non-fiction Central Library, University of Rajshahi Central Library, University of Rajshahi Reading Room 17/08/2004 Military Science Dept.   229.8 GOS 1907 02/08/2016 C-1 Books